Vplyv spojív na fotochemickú stabilitu kyseliny karmínovej bakalárska práca
Guardado en:
| Autor principal: | |
|---|---|
| Formato: | Libro |
| Lenguaje: | eslovaco |
| Publicado: |
Bratislava
STU FCHPT
2015
|
| Acceso en línea: | Ver en el OPAC |
| Etiquetas: |
Sin Etiquetas, Sea el primero en etiquetar este registro!
|
MARC
| LEADER | 00000nam a2200000 a 4500 | ||
|---|---|---|---|
| 005 | 20260127134415.0 | ||
| 008 | 151124 2015 000 0 slo d | ||
| 035 | |a vtls011424069 | ||
| 039 | 9 | |y 201511241237 |z mschk03 | |
| 040 | |a STUSCHK1 |b slo |c STUSCHK1 |e AACR2 | ||
| 100 | 1 | |a Vorčáková, Dominika | |
| 245 | 1 | |a Vplyv spojív na fotochemickú stabilitu kyseliny karmínovej |b bakalárska práca |c Dominika Vorčáková | |
| 260 | |a Bratislava |b STU FCHPT |c 2015 | ||
| 300 | |a 52 s. |b il. |c 25 cm | ||
| 500 | |a Študijný program: chémia, medicínska chémia a chemické materiály | ||
| 500 | |a Študijný odbor: chémia, chemické technológie | ||
| 500 | |a Školiace pracovisko: Odd. polygrafie a aplikovanej fotochémie | ||
| 500 | |a Evid. číslo: FCHPT-13569-61005 | ||
| 910 | |a SCHK95 | ||
| 999 | |c 12012 |d 12012 | ||